Vista normal Vista MARC

Entrada Personal Name

Número de registros utilizados en: 2

001 - CONTROL NUMBER

  • control field: 66838

003 - CONTROL NUMBER IDENTIFIER

  • control field: OSt

005 - DATE AND TIME OF LATEST TRANSACTION

  • control field: 20251106222229.0

008 - FIXED-LENGTH DATA ELEMENTS

  • fixed length control field: 251106|| aca||aabn | a|a d

040 ## - CATALOGING SOURCE

  • Original cataloging agency: OSt
  • Transcribing agency: OSt

100 ## - HEADING--PERSONAL NAME

  • Personal name: Aguirre Grisales, Catalina

670 ## - SOURCE DATA FOUND

  • Source citation: Work cat.: (OSt)59835: Aguirre Pérez, José Heber 1950- aut 66835, Administración y control de empresas agropecuarias /









Instituto Departamental de Cultura del Meta - Red Departamental de Bibliotecas Públicas del Meta.